Holiday Quiz

Random Holiday or Animal Quiz
Score 0/30 Timer 10:00
0 Plays Today
% Correct
Bengal Tiger
97%
Sea Otter
96.9%
Short-Beaked Common Dolphin
96.1%
Ostrich
95.8%
Bald Eagle
95%
Eastern Grey Kangaroo
94.5%
Lion
94.5%
Plains Zebra
94.3%
Hippopotamus
94.3%
Sika Deer
94.3%
Humpback Whale
93.8%
Koala
93.7%
Brown Fur Seal
92.6%
Japanese Red Fox
91.4%
Giant Panda
91%
% Correct
Emperor Penguin
90.9%
Chimpanzee
90.8%
Brown Bear
90.3%
Black Rhinoceros
90.3%
African Elephant
90.2%
Walrus
88.9%
European Hedgehog
83.6%
Orangutan
83.4%
Ring-Tailed Lemur
81.1%
Coyote
75.2%
American Robin
70.4%
American Badger
68.6%
Great Blue Heron
61.5%
California Quail
58%
Tasmanian Devil
50.3%
Remove Ads.
Support Sporcle.
Get the best of Sporcle when you Go Orange. This ad-free experience offers more features, more stats, and more fun while also helping to support Sporcle. Thank you for becoming a member.

You're not logged in!

Compare scores with friends on all Sporcle quizzes.
OR
Log In

Sporcle TV

Today on Sporcle TV


Watch our educational content, quiz creation guides, and fun videos on Sporcle TV.

Show Comments

Extras

Top Quizzes Today


Score Distribution

Paid Content

Your Account Isn't Verified!

In order to create a playlist on Sporcle, you need to verify the email address you used during registration. Go to your Sporcle Settings to finish the process.

Report this User

Report this user for behavior that violates our Community Guidelines.

Details: